Biodiversidad (Registro nro. 3992)

Detalles MARC
000 -CABECERA
Campo de control 00617ngm a2200217 a 4500
005 - FECHA Y HORA DE LA ULTIMA TRANSACCION
Campo de control 20180803165137.0
008 - ELEMENTOS DE LONGITUD FIJA—INFORMACION GENERAL
Campo de control 140122b1996 ck ||||| |||| 00| 0 spa d
040 ## - FUENTE DE CATALOGACIÓN
Agencia catalogadora original CO-BoIAVH
Agencia transcriptora CO-BoIAVH
041 ## - IDIOMA
Código de idioma para texto/pista de sonido o título separado Español
090 ## - CLASIFICACIÓN LOCAL
Colección AV-
Consecutivo 00279
110 ## - ASIENTO PRINCIPAL--NOMBRE CORPORATIVO
Unidad subordinad Instituto de Investigación de Recursos Biológicos Alexander von Humboldt
-- Unidad Cinematográfica de Historia Natural
245 ## - MENCION DE TITULO
Título Biodiversidad
257 ## - PAIS DE LA ENTIDAD PRODUCTORA DE FILMES DE ARCHIVO
País de la entidad productora Colombia
300 ## - DESCRIPCION FISICA
Extensión 3 min.
650 ## - ASIENTO SECUNDARIO DE MATERIA - TERMINO TEMATICO
Término temático o nombre geográfico como elemento de entrada Biodiversidad
650 ## - ASIENTO SECUNDARIO DE MATERIA - TERMINO TEMATICO
Término temático o nombre geográfico como elemento de entrada Flora
650 ## - ASIENTO SECUNDARIO DE MATERIA - TERMINO TEMATICO
Término temático o nombre geográfico como elemento de entrada Fauna
650 ## - ASIENTO SECUNDARIO DE MATERIA - TERMINO TEMATICO
Término temático o nombre geográfico como elemento de entrada Videoclip
942 ## - ELEMENTOS ADICIONALES (KOHA)
Tipo de ítem VHS
Sistema de clasificación Local
945 ## - PROCESAMIENTO LOCAL
AAAA-MM-DD - Fecha de ingreso o modificacion 2004-07-14
Existencias
Withdrawn status Lost status Sistema de Clasificación Damaged status No para préstamo Colección Ubicación Permanente Ubicación actual Fecha de adquisición Fuente de adquisición Total Checkouts Número topográfico Inventario / Código de Barras Date last seen Ejemplar Price effective from Tipo de material
    Local     Audiovisual Bogotá Bogotá 04/12/2012 I. Humboldt   AV--00279 018285 04/12/2012 Ej. 1 04/12/2012 VHS